| 000 | 00823nam a22002897a 4500 | ||
|---|---|---|---|
| 003 | CHAP | ||
| 005 | 20240731122442.0 | ||
| 008 | 971013s1976 r 00010 d | ||
| 010 | _a19608 | ||
| 011 | _a20580 | ||
| 035 | _a24668 | ||
| 040 | _cCHAP | ||
| 082 |
_a663.2 _bA54Y |
||
| 100 | 1 | 0 |
_aAmerine, M. A. _95316 |
| 245 | _aAnĂ¡lisis de vinos y mostos | ||
| 260 |
_aZaragoza : _bAcribia, _c1976 |
||
| 300 | _a158 p | ||
| 590 |
_aBATCH-UPD _b10 _c20130110 _lUCH01 _h1833 |
||
| 590 |
_aBATCH-UPD _b10 _c20130410 _lUCH01 _h1205 |
||
| 590 |
_aBATCH-UPD _b10 _c20130914 _lUCH01 _h2104 |
||
| 590 |
_aCONVERSION _b10 _c20130109 _lUCH01 _h1312 |
||
| 650 | 1 | 4 |
_aVino _xAnĂ¡lisis. _9119856 |
| 700 | 0 |
_aOugh, C. S. _984354 |
|
| 901 | _aBK | ||
| 942 | _cLIBRO | ||
| 949 |
_a663.2 A54Y _bBC _cLIBRO _d-56836 _eLIBRO _h43979 _i24668 _si _t190.00 |
||
| 999 |
_c19608 _d19608 |
||